Especies amenazadas de la Serranía de las Quinchas, jurisdicción de la Corporación Autónoma Regional de Boyacá (CORPOBOYACA) (Registro nro. 6157)

Detalles MARC
000 -CABECERA
Campo de control 00919nam a2200193 a 4500
090 ## - CLASIFICACIÓN LOCAL
Colección IAVH
Consecutivo 00656
041 ## - IDIOMA
Código de idioma para texto/pista de sonido o título separado Español
100 ## - ASIENTO PRINCIPAL--NOMBRE PERSONAL
Nombre personal Múnera, Claudia
245 ## - MENCION DE TITULO
Título Especies amenazadas de la Serranía de las Quinchas, jurisdicción de la Corporación Autónoma Regional de Boyacá (CORPOBOYACA)
260 ## - PUBLICACION, DISTRIBUCION, ETC. (PIE DE IMPRENTA)
Lugar de publicación, distribución, etc. Bogotá
Nombre del editor, distribuidor, etc. Instituto Alexander von Humboldt
-- CORPOBOYACA
Fecha de publicación, distribución, etc. 2002
300 ## - DESCRIPCION FISICA
Extensión 23 p.
520 ## - NOTA DE RESUMEN, ETC.
Nota de resumen Se identifican las especies de aves amenazadas con distribución confirmada el el área de la Serranía de las Quinchas - Boyacá, y con potencial de distribución allí mismo. Se identifican los ecosistemas en los que se encuentran las especies amenazadas.
650 ## - ASIENTO SECUNDARIO DE MATERIA - TERMINO TEMATICO
Término temático o nombre geográfico como elemento de entrada Biodiversidad
650 ## - ASIENTO SECUNDARIO DE MATERIA - TERMINO TEMATICO
Término temático o nombre geográfico como elemento de entrada Conservación
650 ## - ASIENTO SECUNDARIO DE MATERIA - TERMINO TEMATICO
Término temático o nombre geográfico como elemento de entrada Especies amenazadas
662 ## - ASIENTO SECUNDARIO DE MATERIA - JERARQUIA DEL NOMBRE DE LUGAR(
País o entidad mayor Colombia
Jurisdicción política intermedia Serranía de las Quinchas
Jurisdicción política de primer orden Boyacá
700 ## - ASIENTO SECUNDARIO - NOMBRE PERSONAL
Nombre personal Franco, Ana María
700 ## - ASIENTO SECUNDARIO - NOMBRE PERSONAL
Nombre personal Renjifo, Luis Miguel

No hay ítems disponibles.